000
00356nam a2200157 a 4500
003
DLC
005
20210219152747.0
022
_a
0315-9388
035
_a
UPN01000060183
245
0
0
_a
EDUCATIONAL PLANNING
260
_a
EUA :
260
_b
International Society for Educational Planning
310
_a
Trimestral
905
_a
Revista
999
_c
60012
_d
60012